000 00822cam a22002771 4500
001 6141
003 BD-RjUL
005 20211208234207.0
008 140109s1965 nyu b 001 0 eng d
035 _a(BD-RjUL)6180
040 _aDLC
_cDLC
_dDLC
_d(BD-RjUL)
_beng
041 _aeng
082 0 0 _a510
_bWII
100 1 _aWilder, Raymond Louis,
_d1896-1982.
_919326
245 1 0 _aIntroduction to the foundations of mathematics /
_c[by] Raymond L. Wilder.
250 _a2d ed.
260 _aNew York :
_bJ. Wiley,
_c[1965]
300 _axvi, 327 p. ;
_c24 cm.
504 _aBibliography: p. 301-313.
650 0 _aMathematics
_xPhilosophy.
_95282
650 0 _aLogic, Symbolic and mathematical.
_919327
740 0 _aFoundations of mathematics.
942 _2ddc
_cBK
999 _c6141
_d6141